| 000 | 00518nam a2200181Ia 4500 | ||
|---|---|---|---|
| 008 | 230524s9999 xx 000 0 und d | ||
| 020 | _a8188237965 | ||
| 082 | _bMUK | ||
| 100 |
_aAmalendu Mukherjee _942936 |
||
| 245 | 0 | _a"Bond Graph in Modelling,Simulation and Fault Identification" | |
| 250 | _a1 | ||
| 260 |
_aNew Delhi _bI.K.International _c2014 |
||
| 300 | _a"XVIII,619p;" | ||
| 500 | _aQuantity Number: 1 | ||
| 650 | _aMechanics | ||
| 700 |
_aRanjit Karmakar & Arun Kumar Samantaray _942937 |
||
| 942 | _cBK | ||
| 999 |
_c57899 _d57899 |
||